X-ray spectroscopy /

Guardado en:
Autor Principal: Blokhin, M. A.
Formato: Libro
Idioma:English
Russian
Publicado: Delhi : Hindustan Publishing Corp., 1962.
Series:International monographs on advanced mathematics and physics
Etiquetas: Agregar Etiqueta
Sin Etiquetas, Sea el primero en etiquetar este registro!
LEADER 00605nam a22001695a 4500
001 MAT.inmabb001167
008 031120s1962####ii############000#0#eng#d
005 20170811152358.0
245 1 0 |a X-ray spectroscopy /  |c M.A. Blokhin. 
260 |a Delhi :  |b Hindustan Publishing Corp.,  |c 1962. 
300 |a xv, 542 p. ;  |c 23 cm. 
440 0 |a International monographs on advanced mathematics and physics 
500 |a Translated from the original Russian title "Metodi Rentgeno-Spektralinikh Issledovanii". 
100 1 |a Blokhin, M. A. 
084 |a 78-XX  |2 msc2000 
041 1 |a eng  |h rus 
859 |h 78  |i B652  |p A-1186  |b BIB. MATEMATICA